• 首页
  • 本馆介绍
  • 公告通知
  • 最新文献
  • 馆藏检索
  • 电子资源
  • 读者导购
  • 参考咨询
  • 我的图书馆
  • 登录
  • 详细信息显示
  • 放入我的书架
  • 预约/预借图书
  • 作者相关作品
  • 分类相关作品
  • 丛书相关作品
  • 出版社相关作品

书目信息

  • 表格格式
  • 工作单格式
  • 卡片格式
题名:
当代中国权利规范的转型
    
 
作者: 常健 著
分册:  
出版信息: 天津   天津人民出版社  2000
页数: 476页
开本: 20cm
丛书名: 社科新视点
单 册:
中图分类: D621.5
科图分类:
主题词: 权利--quan li--规范--研究--中国
电子资源:
ISBN: 7-201-03389-1
000 00832nam0 2200265 45
001 CAL 012000695457
005 20031219104054.1
010    @a7-201-03389-1@dCNY25.00
100    @a20000302d2000 emky0chiy0121 ea
101 0  @achi
102    @aCN@b120000
105    @ay a 000yy
106    @ar
200 1  @a当代中国权利规范的转型@Adang dai zhong guo quan li gui fan de zhuan xing@f常健著
210    @a天津@c天津人民出版社@d2000
215    @a476页@d20cm
225 2  @a社科新视点@Ashe ke xin shi dian@h第二批
320    @a有书目(第470-476页)。
410  0 @12001 @a社科新视点
510 1  @aContemporary transformation of rights in China@zeng
606    @a权利@Aquan li@x规范@x研究@y中国
690    @aD621.5@v4
701  0 @a常健@Achang jian,@f1957-@4著
801    @aCN@bTSTC@c20020408
905    @b307632-636@dD621.5@e19@f5
    
    当代中国权利规范的转型/常健著.-天津:天津人民出版社,2000
    476页;20cm.-(社科新视点.第二批)
    
    
    ISBN 7-201-03389-1:CNY25.00
    
●
相关链接 在E读中查询图书 在五车中查询图书 在当当中查询图书 在豆瓣中查询图书


正题名:当代中国权利规范的转型     索取号:D621.5/19         预约/预借

序号 登录号 条形码 馆藏地/架位号 状态 备注
1 0307632   203076321   第一借阅区/ [索取号:D621.5/19] 在馆    
2 0307633   203076330   第一借阅区/ [索取号:D621.5/19] 在馆    
3 0307634   203076349   第一借阅区/ [索取号:D621.5/19] 在馆    
4 0307635   203076358   第一借阅区/ [索取号:D621.5/19] 在馆    
5 0307636   203076367   第一样本阅览室/ [索取号:D621.5/19] 在馆    
唐山师范学院图书馆 欢迎您!
大连网信软件有限公司© 版权所有